| 000 -LEADER |
| fixed length control field |
00901nam a2200277 a 4500 |
| 001 - CONTROL NUMBER |
| control field |
2968 |
| 003 - CONTROL NUMBER IDENTIFIER |
| control field |
BD-DhUAP |
| 005 - DATE AND TIME OF LATEST TRANSACTION |
| control field |
20210128143144.0 |
| 008 - FIXED-LENGTH DATA ELEMENTS--GENERAL INFORMATION |
| fixed length control field |
090621r20062005 mau b 001 0 eng d |
| 020 ## - INTERNATIONAL STANDARD BOOK NUMBER |
| International Standard Book Number |
0750642742 |
| 040 ## - CATALOGING SOURCE |
| Original cataloging agency |
BD-DhUAP |
| Transcribing agency |
BD-DhUAP |
| Modifying agency |
BD-DhUAP |
| Language of cataloging |
Eng |
| 082 00 - DEWEY DECIMAL CLASSIFICATION NUMBER |
| Classification number |
711.4 MOU |
| Edition number |
23 |
| 100 1# - MAIN ENTRY--PERSONAL NAME |
| Personal name |
Moughtin, Cliff. |
| 9 (RLIN) |
1750 |
| 245 10 - TITLE STATEMENT |
| Title |
Urban design : |
| Remainder of title |
street and square / |
| Statement of responsibility, etc. |
Cliff Moughtin and Peter Shirly |
| 250 ## - EDITION STATEMENT |
| Edition statement |
2nd ed. |
| 260 ## - PUBLICATION, DISTRIBUTION, ETC. |
| Place of publication, distribution, etc. |
Boston ; |
| Name of publisher, distributor, etc. |
Architectural Press, |
| Date of publication, distribution, etc. |
c1999. |
| 300 ## - PHYSICAL DESCRIPTION |
| Extent |
xi, 238 pages. : |
| Other physical details |
illustrations ; |
| Dimensions |
20 cm. |
| 504 ## - BIBLIOGRAPHY, ETC. NOTE |
| Bibliography, etc. note |
Includes bibliography and index. |
| 650 #0 - SUBJECT ADDED ENTRY--TOPICAL TERM |
| Topical term or geographic name entry element |
City planning |
| General subdivision |
History |
| Chronological subdivision |
20th century. |
| 9 (RLIN) |
1751 |
| 650 #0 - SUBJECT ADDED ENTRY--TOPICAL TERM |
| Topical term or geographic name entry element |
City planning |
| General subdivision |
Environmental aspects. |
| 9 (RLIN) |
1752 |
| 650 #0 - SUBJECT ADDED ENTRY--TOPICAL TERM |
| Topical term or geographic name entry element |
Architecture and society. |
| 9 (RLIN) |
1753 |
| 700 1# - ADDED ENTRY--PERSONAL NAME |
| Personal name |
Shirly, Peter. |
| 9 (RLIN) |
1754 |
| 942 ## - ADDED ENTRY ELEMENTS (KOHA) |
| Source of classification or shelving scheme |
|
| Koha item type |
Book |